| 000 | 01321nam a2200313 i 4500 | ||
|---|---|---|---|
| 001 | 000048018 | ||
| 003 | DO-SdBNP | ||
| 005 | 20260602201114.0 | ||
| 007 | ta | ||
| 008 | 181030s1993 dr r 000 0 spa d | ||
| 040 |
_aDO-SdBNP _bspa _cBNPHU _erda |
||
| 041 | _aspa | ||
| 082 |
_a972.93054 _bG216b _223 |
||
| 100 | 1 |
_4aut. _a García Arévalo, Manuel Antonio _d1948- _959457 _eautor |
|
| 245 | 1 | 0 |
_aBalance del quinto centenario en la República Dominicana / _cManuel A. García Arévalo. |
| 250 | _aPrimera edición | ||
| 264 | 1 |
_aSanto Domingo : _bComisión Dominicana Permanente para la Celebración del Quinto Centenario del Descubrimiento y Evangelización de América, _c1993 |
|
| 300 |
_a35 páginas ; _c23 cm |
||
| 336 |
_atexto _btxt _2rdacontent |
||
| 337 |
_asin mediación _bn _2rdamedia |
||
| 338 |
_avolumen _bnc _2rdacarrier |
||
| 490 | 1 |
_aQuinto centenario _v7 |
|
| 500 | _aConferencia con motivo de la puesta en circulación de la obra Santo Domingo en Ocasión del Quinto Centenario Casa del Quinto Centenario, 27 de abril de 1993. | ||
| 590 | _aInventariado, 2019/BT | ||
| 651 | 7 |
_2armarc _aEspaña _xRelaciones exteriores _zRepública Dominicana _916012 |
|
| 651 | 7 |
_2lemb _aRepública Dominicana _xCivilización |
|
| 651 | 7 |
_2lemb _aRepública Dominicana _xHistoria _y1965- _989853 |
|
| 942 |
_2ddc _cLF2 |
||
| 999 |
_c47506 _d47506 |
||